00943nam a2200205Ia 4500003000900000008004100009020001800050040001600068080002400084111011700108245025800225260004200483300001300525490006500538650004100603650002400644650002400668700002400692700002100716IN-BaIIA211028s9999 xx 000 0 eng d a90-277-2563-2 cIIA Library a524.575(082.2)bPHY aNATO Advanced Study Institute Workshop on Physical Processes in Interstellar CloudscIrsee, FRGd1986 Aug. 18-28 0aPhysical processes in interstellar cloudsbproceedings of the NATO advanced study institute workshop on physical processes in interstellar clouds, held in Irsee, FRG, 18-28 Aug 1986cedited by G. E. Morfill  aDordrechtbD. Reidel Publishingc1987 ax, 554p. aNATO ASI series. Series C : mathematical and physical scienc aAstronomy and astrophysics Thesaurus aInterstellar clouds aInterstellar matter aMorfill, G. E., ed. aScholer, M., ed.